| 000 | 00982cam a2200289 a 4500 | ||
|---|---|---|---|
| 001 | 000014873 | ||
| 003 | DO-SdBNP | ||
| 005 | 20150216093818.0 | ||
| 007 | 000014873 | ||
| 008 | 830909s1968 sp 001 0 spa d | ||
| 040 |
_aBPMET _cspa _dBPMET |
||
| 092 |
_a300 _bA973i, 2005 |
||
| 245 | 1 | 0 |
_aIntroducción a las ciencias sociales : _bICS-011 texto guía de consulta / _cFrancisco Ayala...[et.al] |
| 250 | _a4a ed. | ||
| 260 |
_aSanto Domingo : _bUASD _c2005 |
||
| 300 |
_a320 p. : _c22 cm. |
||
| 490 | 1 |
_aPulicaciones de la Universidad Autónoma de Santo Domingo, estudios sociales _vno. 1 |
|
| 650 | 4 | _aCIENCIAS SOCIALES | |
| 650 | 4 | _aSOCIOLOGÍA | |
| 700 | _4Santos, Jiménez | ||
| 710 | _4Universidad Autónoma de Santo Domingo (República Dominicana) | ||
| 830 | 0 | _aBiblioteca de ciencias sociales ; | |
| 930 | 1 |
_lBND01 _mLF1 _820100126 _f04 _pCT |
|
| 930 | 1 |
_lBND01 _mLF1 _820110202 _f04 _pCT _he. 2 |
|
| 942 |
_2ddc _cBK |
||
| 956 |
_aLOPEREZ _b10 _c20100329 _lBND01 _h2006 |
||
| 999 |
_c7393 _d7393 |
||